000
00303nam a2200133Ia 4500
005
20251222144800.0
008
251222s9999||||xx |||||||||||||| ||spa||
020
_a
84-7057-512-0
082
_a
238.2/M86
100
_a
Moro, Tomás
245
0
_a
Piensa la muerte
264
_b
Cristiandad
942
_c
LIB
999
_c
19674
_d
19674